00624 2200241 4500001002100000005001700021008004100038020001800079035002400097082001000121090001700131100002200148245005800170250001100228260003200239300002300271650002000294700001900314850001500333980001300348985000600361999001500367YOGYA-0209000003369220090227024816.0 ind  a979-518-320-6 0010-020900000033692 a641.5 a641.5bSus A aSusmayati, Nyonya aAneka masakan SumateracNy. Susmayati, Ny. H. Asnidar aCet. 1 aJakartabRineka Ciptac1994 aix, 105 hlmc21 cm aMasakan Sumatra aAsnidar, H. Ny aYOPDYOG(B) a14-09-06 a1 a00P0005607